Album Trilogies by Cover Art - Statistics

General Stats
  • This quiz has been taken 161 times
  • The average score is 19 of 39
Answer Stats
Picture Hint Answer % Correct
The Beatles Sgt. Pepper's Lonely Hearts Club Band
86%
Nirvana Nevermind
84%
Nirvana In Utero
82%
Fleetwood Mac Rumours
82%
The Beatles Revolver
76%
Kanye West Graduation
73%
Kanye West The College Dropout
71%
Metallica Master of Puppets
69%
The Beatles Rubber Soul
67%
Nirvana Bleach
59%
Metallica Ride the Lightning
57%
David Bowie Heroes
54%
Jay-Z The Blueprint
54%
The Rolling Stones Sticky Fingers
53%
Kanye West Late Registration
52%
Coldplay Parachutes
51%
Jimi Hendrix Are You Experienced?
50%
Jimi Hendrix Electric Ladyland
48%
Bob Dylan Highway 61 Revisited
46%
Coldplay X&Y
45%
The Weeknd After Hours
44%
Bob Dylan Blonde on Blonde
43%
Coldplay A Rush of Blood to the Head
41%
Metallica Kill 'Em All
41%
The Rolling Stones Let It Bleed
41%
The Rolling Stones Exile on Main St.
39%
The Cure Disintegration
38%
The Weeknd Dawn FM
37%
David Bowie Low
37%
Fleetwood Mac Fleetwood Mac
33%
The Cure Pornography
33%
The Weeknd Hurry Up Tomorrow
30%
Jay-Z The Blueprint 3
29%
Fleetwood Mac Tusk
29%
Jimi Hendrix Axis: Bold as Love
28%
Jay-Z The Blueprint²: The Gift & the Curse
28%
David Bowie Lodger
20%
Bob Dylan Bringing It All Back Home
15%
The Cure Bloodflowers
10%
No matching quizzes found
Score Distribution
Percent of People with Each Score
Percentile by Number Answered
Your Score History
You have not taken this quiz